Countries with Direct Flights to Seattle (SEA) - Statistics

General Stats
  • This quiz has been taken 72 times
  • The average score is 23 of 25
Answers on the Map
Answers color-coded by a green-red scale on the quiz's map according to % correct below.
 
Answer Stats
Answer % Correct
Canada
100%
China
100%
France
100%
Germany
100%
Italy
100%
Japan
100%
Mexico
100%
South Korea
100%
Spain
100%
United Kingdom
100%
Netherlands
98%
Switzerland
98%
Iceland
96%
Ireland
94%
Turkey
94%
Denmark
92%
Philippines
92%
Taiwan
92%
United States
92%
United Arab Emirates
88%
Singapore
86%
Qatar
80%
Costa Rica
78%
Finland
69%
Belize
63%
No matching quizzes found
Score Distribution
Percent of People with Each Score
Percentile by Number Answered
Your Score History
You have not taken this quiz